000 00714nam a2200289Ia 4500
005 20260324123952.0
008 008 260324s9999 xx 000 0 eng d
020 _a9781315082981
037 _aEBOOK
040 _aCRL
040 _beng
040 _cCRL
041 _2eng
041 _aeng
084 _qCRL
100 _aMary Furner
_91172347
245 0 _aAdvocacy and Objectivity
245 2 _bA Crisis in the Professionalization of American Social Science, 1865-1905
260 _bTaylor and Francis
260 _c2011
365 _a
365 _b230
856 _uhttp://www.taylorfrancis.com/books/9781315082981
942 _cEBOOK
999 _c1766325
_d1766325